A Study on the Christian Response to the Concept of God in 12th Century Islamic Philosophy with special Reference to Avicenna and Wilfred Cantwell Smith (Record no. 23552)

MARC details
000 -LEADER
fixed length control field 00414nam a22001337a 4500
082 ## - DEWEY DECIMAL CLASSIFICATION NUMBER
Classification number 297.07
Author Cutter SIM
100 ## - MAIN ENTRY--AUTHOR NAME
Author name Simon Paul
245 ## - TITLE STATEMENT
Title A Study on the Christian Response to the Concept of God in 12th Century Islamic Philosophy with special Reference to Avicenna and Wilfred Cantwell Smith
260 ## - PUBLICATION, DISTRIBUTION, ETC. (IMPRINT)
Place of publication Hyderabad
Name of publisher HMI
Year of publication 2025
300 ## - PHYSICAL DESCRIPTION
Number of Pages 102
650 ## - SUBJECT ADDED ENTRY--TOPICAL TERM
Topical Term Comparative Religion
942 ## - ADDED ENTRY ELEMENTS (KOHA)
Koha item type Thesis
Holdings
Home library Current library Shelving location Date acquired Source of acquisition Full call number Accession Number Koha item type
Henry Martyn Institute Library Henry Martyn Institute Library General stacks 07/02/2025 Student 297.07 SIM 11-4880 Thesis
                   Copyright © 2026 | Henry Martyn Institute | Hyderabad | TS-500052 | INDIA | Implemented by hmi.edu.in
Hit-Count:

Powered by Koha